000 00336nam a22001457a 4500
008 210302b ||||| |||| 00| 0 eng d
020 _a9781593183714
041 _aeng
080 _a82
082 _a82
100 _a21
101 _aGJL
245 _aLanguage the Comprehensive Literacy Curriculum
_cGreene, J. F
942 _2udc
_cBK
999 _c55425
_d55425